[Event "40th Olympiad Open"]
[Site "Istanbul TUR"]
[Date "2012.09.09"]
[Round "11.40"]
[Board "2"]
[White "Kananub, Warot"]
[Black "Lim, Yee-Weng"]
[Result "0-1"]
[BlackTitle "IM"]
[WhiteElo "2139"]
[BlackElo "2287"]
[WhiteTeam "Thailand"]
[BlackTeam "Malaysia"]
[WhiteFideId "6201601"]
[BlackFideId "5700590"]
[EventDate "2012.08.28"]

1. d4 d5 2. c4 dxc4 3. Nf3 a6 4. e3 e6 5. Bxc4 Nf6 6. O-O c5 7. Bd3 Nc6 8. Nc3
cxd4 9. exd4 Be7 10. Bg5 O-O 11. Rc1 Nb4 12. Bb1 Nbd5 13. Qe2 Bd7 14. Ne5 Rc8
15. Nxd5 Nxd5 16. Qh5 f5 17. Bxe7 Qxe7 18. a3 Bb5 19. Rfe1 Nf4 20. Qd1 Qg5 0-1

[Event "40th Olympiad Open"]
[Site "Istanbul TUR"]
[Date "2012.09.09"]
[Round "11.40"]
[Board "3"]
[White "Liew, Chee-Meng-Jimmy"]
[Black "Pitirotjirathon, Jirapak"]
[Result "0-1"]
[WhiteTitle "IM"]
[BlackTitle "FM"]
[WhiteElo "2297"]
[BlackElo "2270"]
[WhiteTeam "Malaysia"]
[BlackTeam "Thailand"]
[WhiteFideId "5700019"]
[BlackFideId "6200206"]
[EventDate "2012.08.28"]

1. d4 d5 2. c4 c6 3. Nf3 Nf6 4. Nc3 dxc4 5. a4 Bf5 6. Ne5 Nbd7 7. Nxc4 Qc7 8. g3
e5 9. dxe5 Nxe5 10. Nxe5 Qxe5 11. Bg2 Bb4 12. Qb3 a5 13. O-O Qe6 14. Qxe6+ Bxe6
15. Bg5 O-O-O 16. Rfc1 h6 17. Bf4 Bd6 18. Be3 Ng4 19. Bb6 Bc7 20. Bxc7 Kxc7 21.
Ne4 Bd5 22. Nc5 Bxg2 23. Kxg2 Rd2 24. h3 Nf6 25. Nb3 Rxb2 26. Nxa5 Ra8 27. Nc4
Rxe2 28. a5 Nd5 29. h4 Nb4 30. Rc3 Rc2 31. Rxc2 Nxc2 32. Rc1 Nd4 33. Re1 Rd8 34.
Ra1 Nf5 35. h5 Nd6 36. Ne3 c5 37. Kf3 Kc6 38. a6 b5 39. a7 Kb7 40. Kf4 f6 41. g4
Ra8 42. Rd1 Kc6 43. Ra1 c4 44. Nc2 Kc5 45. Ke3 Nc8 46. Nd4 Rxa7 47. Ne6+ Kd5 48.
Rxa7 Nxa7 49. Nxg7 b4 50. Nf5 b3 51. Kd2 Nb5 52. Ne3+ Kd4 53. Nf5+ Ke4 0-1

[Event "40th Olympiad Open"]
[Site "Istanbul TUR"]
[Date "2012.09.09"]
[Round "11.40"]
[Board "4"]
[White "Kongsee, Uaychai"]
[Black "Lim, Zhuo Ren"]
[Result "0-1"]
[WhiteElo "2273"]
[BlackElo "2120"]
[WhiteTeam "Thailand"]
[BlackTeam "Malaysia"]
[WhiteFideId "6200346"]
[BlackFideId "5702488"]
[EventDate "2012.08.28"]

1. e4 c5 2. Nf3 d6 3. c3 Nf6 4. Be2 Nc6 5. d3 g6 6. O-O Bg7 7. Nbd2 O-O 8. Re1
Qc7 9. Bf1 d5 10. h3 e5 11. Nb3 b6 12. Bg5 d4 13. Rc1 Bb7 14. Qd2 Rac8 15. cxd4
cxd4 16. Nh2 Ne8 17. Be2 f6 18. Bh6 Bxh6 19. Qxh6 Qg7 20. Qd2 Nd6 21. f4 a5 22.
fxe5 fxe5 23. Bg4 Rce8 24. a4 Nb4 25. Rf1 Rxf1+ 26. Rxf1 Bc6 27. Ra1 Qf7 28. Bd1
Rf8 29. Nc1 Kh8 30. Bb3 Qf6 31. Nf3 Kg7 32. Kh2 h6 33. Kg1 Bd7 34. Kh2 Nb7 35.
Ne2 Nc5 36. Bc4 Bxa4 37. Rc1 Qd6 38. Ng3 Bc6 39. Ne1 b5 40. Bd5 Bxd5 41. exd5
Nb3 42. Ne4 Qb6 43. Qd1 Nxc1 44. Qxc1 Nxd5 45. Nf3 Nf6 46. Nxf6 Rxf6 47. Qc8 Qd6
48. Kh1 Qc6 49. Qb8 Rxf3 50. gxf3 Qxf3+ 51. Kh2 Qe2+ 52. Kg1 Qxd3 53. Qxe5+ Kf7
54. Qd5+ Kf6 55. Qd6+ Kf5 56. Qf8+ Ke4 57. Qe7+ Kf3 58. Qf6+ Ke2 0-1

[Event "40th Olympiad Open"]
[Site "Istanbul TUR"]
[Date "2012.09.09"]
[Round "11.41"]
[Board "1"]
[White "Jere, Daniel"]
[Black "Khader, Sami"]
[Result "1-0"]
[WhiteTitle "FM"]
[BlackTitle "IM"]
[WhiteElo "2382"]
[BlackElo "2392"]
[WhiteTeam "Zambia"]
[BlackTeam "Jordan"]
[WhiteFideId "8700249"]
[BlackFideId "8100500"]
[EventDate "2012.08.28"]

1. c4 Nf6 2. g3 c6 3. Bg2 d5 4. Nf3 dxc4 5. Qc2 Qd5 6. Nc3 Qa5 7. Nd1 Be6 8. Ne3
Na6 9. Nxc4 Nb4 10. Qc3 Qc5 11. Ne3 Qb6 12. a3 Na2 13. Qd4 Rd8 14. Qxb6 axb6 15.
d3 Nxc1 16. Rxc1 g6 17. Nc4 b5 18. Na5 Bc8 19. O-O Bg7 20. d4 O-O 21. e3 Nd7 22.
Rfd1 e5 23. d5 c5 24. e4 h6 25. Bf1 f5 26. Bxb5 fxe4 27. Nd2 e3 28. fxe3 e4 29.
Ndc4 Kh8 30. d6 Rf7 31. Bxd7 Rfxd7 32. Nb6 Rf7 33. d7 Bxd7 34. Rxc5 Bxb2 35.
Nac4 Bf6 36. Rcd5 Bg5 37. h4 Be7 38. Rxd7 Rdf8 39. Ne5 Rg7 40. Rxe7 1-0

[Event "40th Olympiad Open"]
[Site "Istanbul TUR"]
[Date "2012.09.09"]
[Round "11.41"]
[Board "2"]
[White "Samhouri, A."]
[Black "Chumfwa, Stanley"]
[Result "1/2-1/2"]
[WhiteTitle "FM"]
[WhiteElo "2373"]
[BlackElo "2347"]
[WhiteTeam "Jordan"]
[BlackTeam "Zambia"]
[WhiteFideId "8100640"]
[BlackFideId "8700117"]
[EventDate "2012.08.28"]

1. e4 c5 2. Nf3 d6 3. d4 cxd4 4. Nxd4 Nf6 5. Nc3 a6 6. Be3 e5 7. Nb3 Be7 8. f3
O-O 9. Qd2 Be6 10. O-O-O a5 11. Kb1 a4 12. Nc1 a3 13. b3 Ra5 14. Bc4 Bxc4 15.
bxc4 Ra6 16. Nb3 Qc8 17. Qd3 Rc6 18. Na5 Ra6 19. Nb3 Rc6 20. Na5 Ra6 21. Nb3 Rc6
22. Na5 1/2-1/2

[Event "40th Olympiad Open"]
[Site "Istanbul TUR"]
[Date "2012.09.09"]
[Round "11.41"]
[Board "3"]
[White "Bwalya, Gillan"]
[Black "Samhouri, Bilal"]
[Result "1-0"]
[BlackTitle "FM"]
[WhiteElo "2256"]
[BlackElo "2244"]
[WhiteTeam "Zambia"]
[BlackTeam "Jordan"]
[WhiteFideId "8700257"]
[BlackFideId "8100942"]
[EventDate "2012.08.28"]

1. d4 Nf6 2. Nf3 c5 3. d5 g6 4. g3 d6 5. Bg2 Bg7 6. O-O O-O 7. Nc3 Na6 8. e4 Nc7
9. a4 a6 10. h3 b6 11. Re1 Rb8 12. Bf4 b5 13. axb5 axb5 14. g4 b4 15. Nb1 Nfe8
16. Ra2 Bb7 17. Nbd2 e6 18. dxe6 fxe6 19. Bg3 Ra8 20. Qa1 Nb5 21. Nc4 Nec7 22.
Na5 Ba6 23. e5 d5 24. Nb3 Qe7 25. Bh4 Qe8 26. Nxc5 Qc6 27. Nxa6 Nxa6 28. Be7
Rfe8 29. Bf6 Bf8 30. Bf1 Nbc7 31. Qd1 Bc5 32. Qd2 Bf8 33. Rea1 Qb7 34. Nd4 Nc5
35. Bg2 Rxa2 36. Rxa2 Nd7 37. g5 Nxf6 38. gxf6 Kf7 39. h4 Ra8 40. Rxa8 Qxa8 41.
Kh2 Qa2 42. c3 Qc4 43. Bh3 bxc3 44. bxc3 h6 45. h5 gxh5 46. Qc2 Kg8 47. Qg6+ Kh8
48. Qf7 Qc5 49. Bf1 1-0

[Event "40th Olympiad Open"]
[Site "Istanbul TUR"]
[Date "2012.09.09"]
[Round "11.41"]
[Board "4"]
[White "Mansour, Sameer"]
[Black "Kayonde, Andrew"]
[Result "0-1"]
[WhiteTitle "FM"]
[WhiteElo "2244"]
[BlackElo "2180"]
[WhiteTeam "Jordan"]
[BlackTeam "Zambia"]
[WhiteFideId "8100144"]
[BlackFideId "8700281"]
[EventDate "2012.08.28"]

1. d4 f5 2. Bg5 h6 3. Bh4 g5 4. e3 Nf6 5. Bg3 Bg7 6. Bd3 d6 7. c4 Nc6 8. Nf3 O-O
9. Nc3 Nb4 10. Bb1 c5 11. a3 Na6 12. O-O cxd4 13. Nxd4 Ne8 14. f4 gxf4 15. Bf2
e5 16. Ndb5 Nb8 17. c5 f3 18. gxf3 Qg5+ 19. Kh1 dxc5 20. Rg1 Qh5 21. Nd5 Nc6 22.
Ba2 Kh8 23. Ndc7 Nxc7 24. Nxc7 Rb8 25. Rc1 Rd8 26. Qe2 b6 27. Ne6 Bxe6 28. Bxe6
e4 29. Bg3 exf3 30. Qc2 Ne5 31. Bf4 Ng4 32. Bxf5 Qxf5 33. h3 Qxc2 34. Rxc2 Nf6
35. Bxb8 Rxb8 36. Rf2 Ne4 37. Rxf3 Bxb2 38. Rf7 Rg8 39. Rxg8+ Kxg8 40. Re7 Nd6
41. Kg2 c4 42. Kf3 c3 43. Rc7 Nb5 44. Rc8+ Kf7 45. a4 Na3 0-1

[Event "40th Olympiad Open"]
[Site "Istanbul TUR"]
[Date "2012.09.09"]
[Round "11.42"]
[Board "1"]
[White "Ziska, Helgi Dam"]
[Black "Wynn Zaw Htun"]
[Result "1-0"]
[WhiteTitle "IM"]
[BlackTitle "IM"]
[WhiteElo "2469"]
[BlackElo "2398"]
[WhiteTeam "Faroe Islands"]
[BlackTeam "Myanmar"]
[WhiteFideId "7200595"]
[BlackFideId "13002783"]
[EventDate "2012.08.28"]

1. e4 c5 2. Nf3 d6 3. d4 cxd4 4. Nxd4 Nf6 5. Nc3 a6 6. Bg5 e6 7. f4 Qc7 8. Bxf6
gxf6 9. Qd2 b5 10. Be2 h5 11. Bf3 b4 12. Nce2 Bb7 13. Qxb4 Nd7 14. Qd2 Qb6 15.
Nb3 Rc8 16. O-O-O h4 17. Kb1 Qc7 18. f5 e5 19. Nc3 Nb6 20. Na5 Nc4 21. Nxc4 Qxc4
22. Qf2 Qc5 23. Qxc5 Rxc5 24. Rd3 Be7 25. Rhd1 Kd7 26. Nd5 Bxd5 27. Rxd5 Rhc8
28. Rxc5 Rxc5 29. c3 Bd8 30. Be2 Rc6 31. Rd3 Bb6 32. Rh3 Bf2 33. Kc2 Ke7 34. Kd1
Rb6 35. b3 d5 36. Bd3 Rc6 37. Ke2 Bg1 38. c4 d4 39. Rxh4 Rc8 40. Rh7 a5 41. h4
Be3 42. c5 Rxc5 43. Bc4 1-0

[Event "40th Olympiad Open"]
[Site "Istanbul TUR"]
[Date "2012.09.09"]
[Round "11.42"]
[Board "2"]
[White "Win, Tun"]
[Black "Nilssen, John Arni"]
[Result "0-1"]
[BlackTitle "IM"]
[WhiteElo "2174"]
[BlackElo "2372"]
[WhiteTeam "Myanmar"]
[BlackTeam "Faroe Islands"]
[WhiteFideId "13003100"]
[BlackFideId "7200137"]
[EventDate "2012.08.28"]

1. Nf3 Nf6 2. d4 g6 3. c4 Bg7 4. Nc3 d5 5. e3 O-O 6. Be2 e6 7. O-O b6 8. b3 Bb7
9. Ba3 Re8 10. Rc1 a6 11. Ne5 Nbd7 12. f4 c5 13. Nxd7 Nxd7 14. Bf3 cxd4 15. exd4
Nf6 16. Qd2 Rb8 17. c5 Nd7 18. cxb6 Qxb6 19. Rfd1 Bc6 20. Be2 Rbc8 21. Kh1 Bh6
22. Rf1 Ra8 23. Nd1 Nf6 24. Bc5 Qb8 25. Nc3 a5 26. a3 Nd7 27. b4 axb4 28. axb4
Nxc5 29. bxc5 Ra3 30. Rb1 Qa8 31. Bb5 Bxb5 32. Nxb5 Ra2 33. Qd3 Qa6 34. Qh3 Rb8
35. Qxh6 Rxb5 36. Rbc1 Rb8 37. h3 Qe2 38. Qg5 Rb3 39. Qg4 Qe4 40. Rfe1 h5 41.
Rxe4 hxg4 42. Ree1 gxh3 43. gxh3 Rxh3+ 44. Kg1 Kg7 45. Rb1 Rg3+ 46. Kf1 Rf3+ 47.
Kg1 Rc2 48. Rec1 Rfc3 49. Rxc2 Rxc2 50. Kf1 Kf6 51. Ke1 Rc4 52. Rd1 Kf5 53. Ke2
Ke4 54. Rd3 Kxf4 55. Kd2 Ke4 56. Rc3 Rxd4+ 0-1

[Event "40th Olympiad Open"]
[Site "Istanbul TUR"]
[Date "2012.09.09"]
[Round "11.42"]
[Board "4"]
[White "Aung, Kyaw Moe"]
[Black "Andreasen, Joan Hendrik"]
[Result "1-0"]
[WhiteElo "2149"]
[BlackElo "2260"]
[WhiteTeam "Myanmar"]
[BlackTeam "Faroe Islands"]
[WhiteFideId "6200281"]
[BlackFideId "7200110"]
[EventDate "2012.08.28"]

1. e4 e6 2. d4 d5 3. exd5 exd5 4. Nf3 Nc6 5. Bd3 Bd6 6. c3 Nge7 7. O-O Bg4 8.
Nbd2 Qd7 9. Re1 O-O-O 10. b4 Rde8 11. Nb3 f6 12. b5 Nd8 13. Nc5 Bxc5 14. dxc5
Ng6 15. Be3 Ne5 16. Nxe5 fxe5 17. Qa4 c6 18. Qxa7 Qc7 19. a4 Ne6 20. h3 Bh5 21.
b6 Qb8 22. Qa5 Bg6 23. Bf1 Rhf8 24. Qb4 Nf4 25. Red1 Re6 26. Bxf4 Rxf4 27. Qb2
Ref6 28. Rd2 Bf5 29. a5 Kd8 30. a6 bxa6 31. Rxa6 Bc8 32. Ra7 Rf7 33. Qa1 Rxa7
34. bxa7 Qa8 35. Qa5+ Ke8 36. Rb2 1-0

[Event "40th Olympiad Open"]
[Site "Istanbul TUR"]
[Date "2012.09.09"]
[Round "11.43"]
[Board "1"]
[White "Machin Rivera, Mark"]
[Black "Lodhi, Mahmood"]
[Result "1-0"]
[WhiteTitle "FM"]
[BlackTitle "IM"]
[WhiteElo "2323"]
[BlackElo "2358"]
[WhiteTeam "Puerto Rico"]
[BlackTeam "Pakistan"]
[WhiteFideId "3101126"]
[BlackFideId "7800010"]
[EventDate "2012.08.28"]

1. c4 e5 2. g3 g6 3. Bg2 Bg7 4. Nc3 Ne7 5. e4 O-O 6. Nge2 Nec6 7. O-O d6 8. a3
a5 9. Nd5 Nd7 10. d3 Nd4 11. b3 Nc5 12. Rb1 c6 13. Ndc3 f5 14. b4 axb4 15. axb4
Nce6 16. exf5 Nxf5 17. b5 Nfd4 18. h3 Nf3+ 19. Kh1 Neg5 20. Ng1 Nd4 21. bxc6
bxc6 22. Bxg5 Qxg5 23. Nb5 e4 24. Nxd6 e3 25. Ne4 Qh6 26. fxe3 Qxe3 27. Rxf8+
Bxf8 28. Qf1 Nf5 29. g4 Qxe4 30. Bxe4 Ng3+ 31. Kg2 Nxf1 32. Kxf1 Bd7 33. Nf3 Bd6
34. Rb6 Rc8 35. Rb7 Be8 36. Nd4 Be5 37. Ne6 c5 38. Ng5 Rc7 39. Bd5+ Kh8 40. Rb8
Re7 41. Rc8 Kg7 42. Rxc5 h6 43. Nf3 Bd6 44. Ra5 h5 45. Be4 hxg4 46. hxg4 Bd7 47.
Rg5 Re6 48. Bf5 Rf6 49. Bxd7 Rxf3+ 50. Ke2 Rf7 51. Bf5 Rf6 52. Be4 Re6 53. Ke3
Be5 54. d4 Bh2 55. c5 Bg1+ 56. Kd3 Ra6 57. c6 Ra3+ 58. Kc4 Ra4+ 59. Kb3 Ra8 60.
Rxg6+ Kf7 61. d5 1-0

[Event "40th Olympiad Open"]
[Site "Istanbul TUR"]
[Date "2012.09.09"]
[Round "11.43"]
[Board "2"]
[White "Qureshi, M.A."]
[Black "Vazquez Reyes, Raul"]
[Result "1/2-1/2"]
[BlackTitle "FM"]
[WhiteElo "2190"]
[BlackElo "2251"]
[WhiteTeam "Pakistan"]
[BlackTeam "Puerto Rico"]
[WhiteFideId "5002753"]
[BlackFideId "3100235"]
[EventDate "2012.08.28"]

1. d4 Nf6 2. c4 c5 3. d5 e6 4. Nc3 exd5 5. cxd5 d6 6. e4 g6 7. Nf3 a6 8. a4 Bg4
9. Be2 Bxf3 10. Bxf3 Nbd7 11. O-O Bg7 12. Bf4 Qe7 13. Re1 O-O 14. Qc2 Rab8 15.
a5 Ne8 16. Be2 Nc7 17. h3 b5 18. axb6 Rxb6 19. Bf1 Rfb8 20. Ra2 Ne5 21. Qd2 Rb4
22. Nd1 Rd4 23. Qc1 Nxd5 24. exd5 Nf3+ 25. gxf3 Qxe1 26. Nc3 Qxc1 27. Bxc1 Be5
28. Rxa6 f5 29. Kg2 Rdb4 30. Nd1 R8b7 31. Be2 Kg7 32. f4 Bxf4 33. Bxf4 Rxf4 34.
Rxd6 Rd4 35. Bf3 Rb3 36. Rc6 Rxf3 37. Kxf3 Rxd1 38. Rxc5 Kf6 39. Ke2 Rd4 40. Ke3
Rb4 41. Rc2 Ke5 42. Rd2 Rb3+ 43. Ke2 Kd6 44. f3 f4 45. h4 Re3+ 46. Kf2 Rb3 47.
Ke2 Re3+ 48. Kf2 Ke5 1/2-1/2

[Event "40th Olympiad Open"]
[Site "Istanbul TUR"]
[Date "2012.09.09"]
[Round "11.43"]
[Board "3"]
[White "Almedina Ortiz, Edgardo J"]
[Black "Waqar, Ahmad Madni"]
[Result "1-0"]
[WhiteTitle "FM"]
[WhiteElo "2247"]
[BlackElo "2062"]
[WhiteTeam "Puerto Rico"]
[BlackTeam "Pakistan"]
[WhiteFideId "3100197"]
[BlackFideId "7800371"]
[EventDate "2012.08.28"]

1. e4 c5 2. Nf3 d6 3. d4 cxd4 4. Nxd4 Nf6 5. Nc3 a6 6. Bc4 e6 7. O-O Be7 8. Bb3
Qc7 9. Be3 Bd7 10. f4 Nc6 11. Qf3 Nxd4 12. Bxd4 Bc6 13. a4 Qa5 14. Qe2 O-O 15.
f5 Qb4 16. Bxf6 Bxf6 17. fxe6 fxe6 18. Bxe6+ Kh8 19. Nd5 Qxb2 20. Kh1 Qe5 21.
Qg4 g6 22. Rae1 Bxa4 23. Nb6 Rae8 24. Bd7 Bxd7 25. Nxd7 Qe7 26. Nxf8 Rxf8 27.
Rb1 b5 28. Rf3 Be5 29. Rxf8+ Qxf8 30. Qf3 Qc8 31. Rf1 a5 32. Qf8+ Qxf8 33. Rxf8+
Kg7 34. Rb8 a4 35. Rxb5 a3 36. Ra5 Bb2 37. g4 h6 38. Kg2 Kf6 39. Kf3 Ke6 40. Ke2
Kf6 41. Kd3 Bc1 42. h3 Ke6 43. Kd4 Bb2+ 44. c3 Bc1 45. Ra6 1-0

[Event "40th Olympiad Open"]
[Site "Istanbul TUR"]
[Date "2012.09.09"]
[Round "11.43"]
[Board "4"]
[White "Ahmed, Haseeb"]
[Black "Montanez Nazario, Roberto"]
[Result "0-1"]
[WhiteElo "2296"]
[BlackElo "2144"]
[WhiteTeam "Pakistan"]
[BlackTeam "Puerto Rico"]
[WhiteFideId "7800096"]
[BlackFideId "3100316"]
[EventDate "2012.08.28"]

1. e4 c5 2. Nf3 d6 3. d4 cxd4 4. Nxd4 Nf6 5. Nc3 a6 6. h3 e6 7. g4 b5 8. Bg2 Bb7
9. a3 Qc7 10. O-O Nc6 11. Be3 Be7 12. f4 O-O 13. f5 Nxd4 14. Bxd4 d5 15. g5 Nxe4
16. f6 Bc5 17. fxg7 Rfd8 18. Ne2 e5 19. Bxc5 Qxc5+ 20. Kh2 Qe3 21. Rf5 d4 22.
Rxe5 d3 23. cxd3 Rxd3 24. Qf1 Rd2 25. Re7 Bd5 26. Re1 Qxg5 27. Rd7 Rd8 28. Rxd8+
Qxd8 29. Qf4 Qf6 30. Qb8+ Kxg7 31. Nf4 Qg5 32. Re3 Rf2 33. Nh5+ Qxh5 34. Rxe4
Bxe4 35. Qg3+ Qg6 36. Qxf2 Qxg2+ 37. Qxg2+ Bxg2 38. Kxg2 Kf6 39. Kf3 Ke5 40. Ke3
Kd5 41. b3 a5 42. h4 a4 43. bxa4 bxa4 44. Kd3 h5 0-1

[Event "40th Olympiad Open"]
[Site "Istanbul TUR"]
[Date "2012.09.09"]
[Round "11.44"]
[Board "1"]
[White "Purnama, Tirta Chandra"]
[Black "Abdulwahhab, Ahmed Abdulsattar A"]
[Result "0-1"]
[WhiteTitle "IM"]
[BlackTitle "FM"]
[WhiteElo "2384"]
[BlackElo "2314"]
[WhiteTeam "Indonesia"]
[BlackTeam "Iraq"]
[WhiteFideId "7101422"]
[BlackFideId "4801849"]
[EventDate "2012.08.28"]

1. d4 d5 2. c4 c6 3. Nf3 Nf6 4. Nc3 dxc4 5. a4 Bf5 6. Ne5 e6 7. f3 c5 8. e4 Bg6
9. Bxc4 cxd4 10. Bb5+ Nfd7 11. Qxd4 a6 12. Bxd7+ Nxd7 13. Nxd7 Qxd7 14. Be3 Qxd4
15. Bxd4 f6 16. Kf2 Rc8 17. Rac1 Be7 18. Rhd1 O-O 19. Bb6 Rc6 20. a5 Bd6 21. Ne2
Rxc1 22. Nxc1 Bb8 23. Nb3 Be5 24. Rd2 f5 25. exf5 exf5 26. g3 f4 27. Nc5 fxg3+
28. hxg3 Be8 29. Ne6 Rf6 30. Ng5 Bc6 31. Rd8+ Rf8 32. Rxf8+ Kxf8 33. Bd4 Bxd4+ 0-1

[Event "40th Olympiad Open"]
[Site "Istanbul TUR"]
[Date "2012.09.09"]
[Round "11.44"]
[Board "2"]
[White "Ahmed, Ali Layth Ahmed"]
[Black "Halay, Taufik"]
[Result "1/2-1/2"]
[WhiteTitle "FM"]
[BlackTitle "IM"]
[WhiteElo "2360"]
[BlackElo "2361"]
[WhiteTeam "Iraq"]
[BlackTeam "Indonesia"]
[WhiteFideId "4801920"]
[BlackFideId "7101392"]
[EventDate "2012.08.28"]

1. d4 d5 2. c4 e6 3. Nf3 c6 4. e3 f5 5. Bd3 Nf6 6. O-O Bd6 7. b3 O-O 8. Nbd2 Bd7
9. Bb2 Be8 10. Ne5 Nbd7 11. f4 Bh5 12. Qe1 Ne4 13. Bxe4 fxe4 14. Qg3 Bb4 15.
Nxd7 Qxd7 16. Rf2 Rf6 17. h3 a5 18. c5 b5 19. Nf1 a4 20. Qg5 Be8 21. bxa4 Rxa4
22. Nh2 Rg6 23. Qh4 Rh6 24. Qg3 Rg6 25. Qh4 Rh6 26. Qg3 Rg6 27. Qh4 Rh6 28. Qg3
Rg6 1/2-1/2

[Event "40th Olympiad Open"]
[Site "Istanbul TUR"]
[Date "2012.09.09"]
[Round "11.45"]
[Board "1"]
[White "Valdes, Leonardo"]
[Black "Matamoros Franco, Carlos S."]
[Result "1/2-1/2"]
[WhiteTitle "IM"]
[BlackTitle "GM"]
[WhiteElo "2366"]
[BlackElo "2548"]
[WhiteTeam "Costa Rica"]
[BlackTeam "Ecuador"]
[WhiteFideId "6500331"]
[BlackFideId "3600017"]
[EventDate "2012.08.28"]

1. Nf3 Nf6 2. g3 b6 3. Bg2 Bb7 4. O-O g6 5. c4 Bg7 6. d4 O-O 7. d5 Na6 8. Nc3
Nc5 9. Be3 d6 10. b4 Ng4 11. Bd4 e5 12. Bxc5 dxc5 13. bxc5 e4 14. Nxe4 Qe7 15.
Nd4 f5 16. d6 cxd6 17. cxd6 Qe5 18. Nf6+ Bxf6 19. Bxb7 Qxd4 20. Bxa8 Rxa8 21.
Qxd4 Bxd4 22. Rad1 Bc5 23. h3 Nf6 24. Rd3 Rd8 25. Kg2 Kf7 26. f3 Rxd6 27. Rxd6
Bxd6 28. Kf2 Ke6 29. e3 h5 30. Rd1 Nd7 31. Rd2 Ne5 32. Rc2 Nd7 33. Rd2 Nf6 34.
Rd1 Nd7 35. Rd2 1/2-1/2

[Event "40th Olympiad Open"]
[Site "Istanbul TUR"]
[Date "2012.09.09"]
[Round "11.45"]
[Board "3"]
[White "Murillo Tsijli, Alexis"]
[Black "Macias Murillo, Bryan"]
[Result "1/2-1/2"]
[WhiteTitle "IM"]
[BlackTitle "IM"]
[WhiteElo "2278"]
[BlackElo "2365"]
[WhiteTeam "Costa Rica"]
[BlackTeam "Ecuador"]
[WhiteFideId "6500218"]
[BlackFideId "3603296"]
[EventDate "2012.08.28"]

1. Nf3 Nf6 2. b3 d5 3. Bb2 c5 4. e3 Nc6 5. Bb5 Qc7 6. c4 a6 7. Ba4 dxc4 8. bxc4
Bd7 9. Nc3 e6 10. d4 cxd4 11. exd4 Na5 12. Bxd7+ Nxd7 13. c5 b6 14. O-O Rd8 15.
Qe2 Qc8 16. Rac1 b5 17. a4 bxa4 18. Ra1 Nb8 19. Rxa4 Nb7 20. Bc1 a5 21. Ne5 Be7
22. Qb5+ Kf8 23. Be3 Bf6 24. Rb1 Bxe5 25. dxe5 Rd7 26. Ne4 Qc6 27. Nd6 Nd8 28.
Rxa5 Qxb5 29. Raxb5 Nbc6 30. f4 f6 31. Rb6 fxe5 32. fxe5 Nxe5 33. Bg5 h6 34.
Rf1+ Kg8 35. Bxd8 Rxd8 36. Nb7 Rb8 37. Rc1 Kh7 38. c6 Nf7 39. c7 Rbe8 40. Rbc6
Re7 41. c8=Q Rxc8 42. Rxc8 Rxb7 43. Re8 e5 44. Re6 Ra7 45. h4 h5 46. Rf1 Nh6 47.
Rxe5 g6 48. Re4 Nf5 49. Rb1 Kg7 50. Rb6 Ra3 51. Kh2 Ne3 52. Re7+ Kh6 53. Rf7 Ra4
54. Kh3 Ra8 55. Rbb7 Rh8 56. Kg3 Nf5+ 57. Rxf5 gxf5 58. Rb6+ Kh7 59. Rf6 Rg8+
60. Kf3 Rg4 61. g3 Ra4 62. Rxf5 Kg6 63. Rg5+ Kh6 64. Re5 Rg4 65. Rf5 Rg6 66. Rf7
Rg4 67. Rf6+ Kg7 68. Re6 Kh7 69. Rf6 1/2-1/2

[Event "40th Olympiad Open"]
[Site "Istanbul TUR"]
[Date "2012.09.09"]
[Round "11.46"]
[Board "1"]
[White "Malisauskas, Vidmantas"]
[Black "Wiedenkeller, Michael"]
[Result "0-1"]
[WhiteTitle "GM"]
[BlackTitle "IM"]
[WhiteElo "2451"]
[BlackElo "2475"]
[WhiteTeam "Lithuania"]
[BlackTeam "Luxembourg"]
[WhiteFideId "12800031"]
[BlackFideId "1700146"]
[EventDate "2012.08.28"]

1. d4 Nf6 2. c4 e6 3. Nf3 d5 4. Nc3 Bb4 5. e3 O-O 6. a3 Bxc3+ 7. bxc3 c5 8. cxd5
exd5 9. c4 Bg4 10. dxc5 Nc6 11. Bb2 Ne4 12. Be2 Qa5+ 13. Nd2 Bxe2 14. Kxe2 Qxc5
15. Rc1 Nxd2 16. Qxd2 Rad8 17. Qc3 d4 18. exd4 Nxd4+ 19. Kf1 f6 20. h4 Rfe8 21.
Re1 Rxe1+ 22. Kxe1 Qe5+ 23. Kf1 Qe2+ 24. Kg1 Nf5 0-1

[Event "40th Olympiad Open"]
[Site "Istanbul TUR"]
[Date "2012.09.09"]
[Round "11.46"]
[Board "2"]
[White "Serban, Vlad"]
[Black "Beinoras, Mindaugas"]
[Result "0-1"]
[BlackTitle "IM"]
[WhiteElo "2280"]
[BlackElo "2346"]
[WhiteTeam "Luxembourg"]
[BlackTeam "Lithuania"]
[WhiteFideId "4001060"]
[BlackFideId "12802085"]
[EventDate "2012.08.28"]

1. e4 e5 2. Nf3 Nc6 3. Bb5 a6 4. Ba4 Nf6 5. O-O Be7 6. Re1 b5 7. Bb3 d6 8. c3
O-O 9. h3 Nb8 10. d4 Nbd7 11. Nbd2 Bb7 12. Bc2 Re8 13. a4 c5 14. d5 c4 15. Nf1
Nc5 16. Ng3 g6 17. Nh2 Qc7 18. Bg5 Nxd5 19. Bxe7 Nxe7 20. Ng4 Kg7 21. Qd2 Ng8
22. Rad1 Rad8 23. axb5 axb5 24. Qg5 Kh8 25. Rd2 f6 26. Qe3 Ne6 27. Red1 Rd7 28.
Ne2 Red8 29. Qg3 d5 30. exd5 Rxd5 31. Rxd5 Rxd5 32. Rxd5 Bxd5 33. Qe3 Kg7 34.
Qd2 Bc6 35. b3 f5 36. Ne3 f4 37. Ng4 h5 38. Nh2 Nf6 39. bxc4 bxc4 40. f3 Qa7+
41. Kf1 Nd5 42. Ke1 Ne3 43. Nc1 Nxc2+ 44. Qxc2 Qe3+ 45. Ne2 Nc5 0-1

[Event "40th Olympiad Open"]
[Site "Istanbul TUR"]
[Date "2012.09.09"]
[Round "11.46"]
[Board "3"]
[White "Pileckis, Emilis"]
[Black "Wagener, Claude"]
[Result "1-0"]
[WhiteTitle "IM"]
[BlackTitle "FM"]
[WhiteElo "2443"]
[BlackElo "2261"]
[WhiteTeam "Lithuania"]
[BlackTeam "Luxembourg"]
[WhiteFideId "12802476"]
[BlackFideId "4000471"]
[EventDate "2012.08.28"]

1. Nf3 Nf6 2. c4 g6 3. Nc3 d5 4. Qa4+ Bd7 5. Qb3 dxc4 6. Qxc4 a6 7. d4 b5 8. Qb3
Bg7 9. e4 c5 10. dxc5 Bc6 11. a4 bxa4 12. Qc4 O-O 13. Be2 Nbd7 14. Bf4 Rc8 15.
O-O Bb7 16. Rfd1 Rxc5 17. Qxa4 Qc8 18. Be3 Rh5 19. Nd2 Rh6 20. Bxh6 Nc5 21. Qc4
Bxh6 22. e5 Nfd7 23. b4 Ne6 24. Nd5 Qb8 25. Nxe7+ Kh8 26. Nc6 Qa8 27. Bf3 Rc8
28. b5 Nxe5 29. Qe2 Nxf3+ 30. Nxf3 Bxc6 31. bxc6 Qxc6 32. Ne5 Qe8 33. Rd7 Nd8
34. Nxg6+ 1-0